Statistics for Famous Duos Quiz #3

Click here to take the quiz!

General Stats

  • This quiz has been taken 45,730 times
    (33,262 since last reset)
  • The average score is 13 of 24

Answer Stats

Duo % Correct
{Mickey} & Minnie
94%
Adam & {Eve}
94%
{Fred} & Wilma
84%
{Lilo} & Stitch
84%
Beavis & {Butthead}
82%
Tom Sawyer & {Huckleberry} {Finn}
75%
{Cain} & Abel
75%
Olive Oyl & {Popeye}
71%
Laurel & {Hardy}
69%
Romulus & {Remus}
64%
Pinky & {the} {Brain}
59%
{Calvin} & Hobbes
58%
{Garfield} & Odie
55%
{Ginger} {Rogers} & Fred Astaire
53%
Donny & {Marie}
47%
DJ Jazzy Jeff & {the} {Fresh} {Prince}
43%
Porgy & {Bess}
42%
Tango & {Cash}
42%
{Posh} & Becks
33%
{Ozzie} & Harriet
28%
Belle & {Sebastian}
22%
Kid & {Play}
20%
{Seals} & Crofts
18%
{Mitchell} & Webb
16%

Score Distribution

Percentile by Number Answered

Percent of People with Each Score

Your Score History

You have not taken this quiz since the last reset